|
|
|
|
| LEADER |
00000nam0a2200000 4500 |
| 001 |
308032 |
| 005 |
20231102002043.0 |
| 010 |
|
|
|a 9785991665285
|
| 035 |
|
|
|a (RuTPU)RU\TPU\book\333340
|
| 090 |
|
|
|a 308032
|
| 100 |
|
|
|a 20151028d2016 m y0rusy50 ca
|
| 101 |
0 |
|
|a rus
|
| 102 |
|
|
|a RU
|
| 105 |
|
|
|a a j 000zy
|
| 200 |
1 |
|
|a Технология конструкционных материалов . Анализ поверхности методами атомной физики
|e учебное пособие для бакалавриата и магистратуры
|f Н. Н. Никитенков
|g Национальный исследовательский Томский политехнический университет (ТПУ)
|
| 210 |
|
|
|a Москва
|c Юрайт
|d 2016
|
| 215 |
|
|
|a 203 с.
|c ил.
|
| 225 |
1 |
|
|a Университеты России
|
| 330 |
|
|
|a Пособие посвящено экспериментальным особенностям и теоретическим вопросам анализа свойств поверхности твердых тел и тонких пленок. Рассмотрены механизмы физических явлений, лежащих в основе эмиссионных процессов, при возбуждении поверхности электронными и ионными пучками, температурой и электростатическими полями большой напряженности. Описаны принципы функционирования узлов высоковакуумных аналитических установок (оптика заряженных частиц, энергоанализаторы, масс-анализаторы, электронные и ионные пушки, детекторы частиц и излучений). Соответствует актуальным требованиям Федерального государственного образовательного стандарта высшего образования.
|
| 606 |
1 |
|
|a Поверхности твердых тел
|x Исследование
|2 stltpush
|3 (RuTPU)RU\TPU\subj\67662
|9 83383
|
| 610 |
1 |
|
|a физика
|
| 610 |
1 |
|
|a поверхности
|
| 610 |
1 |
|
|a твердые тела
|
| 610 |
1 |
|
|a тонкие пленки
|
| 610 |
1 |
|
|a структура
|
| 610 |
1 |
|
|a кристаллические структуры
|
| 610 |
1 |
|
|a электронные структуры
|
| 610 |
1 |
|
|a конструкционные материалы
|
| 610 |
1 |
|
|a вакуум
|
| 610 |
1 |
|
|a сверхвысокий вакуум
|
| 610 |
1 |
|
|a электронная эмиссия
|
| 610 |
1 |
|
|a атомные столкновения
|
| 610 |
1 |
|
|a ионное распыление
|
| 610 |
1 |
|
|a ионизация
|
| 610 |
1 |
|
|a ионная спектроскопия
|
| 610 |
1 |
|
|a электронная спектроскопия
|
| 610 |
1 |
|
|a плазмоны
|
| 610 |
1 |
|
|a электрон-электронные столкновения
|
| 610 |
1 |
|
|a Оже-процессы
|
| 610 |
1 |
|
|a рентгеновские излучения
|
| 610 |
1 |
|
|a структурный анализ
|
| 610 |
1 |
|
|a дифракция
|
| 610 |
1 |
|
|a электроны
|
| 610 |
1 |
|
|a построение Эвальда
|
| 610 |
1 |
|
|a тепловые колебания
|
| 610 |
1 |
|
|a зондовая микроскопия
|
| 610 |
1 |
|
|a учебные пособия
|
| 610 |
1 |
|
|a труды учёных ТПУ
|
| 675 |
|
|
|a 539.211(075.8)
|v 4
|
| 700 |
|
1 |
|a Никитенков
|b Н. Н.
|c российский физик
|c профессор Томского политехнического университета, доктор физико-математических наук
|f 1953-
|g Николай Николаевич
|2 stltpush
|3 (RuTPU)RU\TPU\pers\25364
|
| 712 |
0 |
2 |
|a Национальный исследовательский Томский политехнический университет (ТПУ)
|c (2009- )
|2 stltpush
|3 (RuTPU)RU\TPU\col\15902
|
| 801 |
|
1 |
|a RU
|b 63413507
|c 20151028
|
| 801 |
|
2 |
|a RU
|b 63413507
|c 20151218
|g RCR
|
| 900 |
|
|
|a Технология конструкционных материалов
|
| 900 |
|
|
|a Основы анализа поверхности твердых тел и тонких пленок
|
| 942 |
|
|
|c BK
|
| 951 |
|
|
|l 8.1
|l 8.3
|
| 959 |
|
|
|a 123/20150928
|d 10
|e 449,00
|f ЧЗТЛ:1
|f УФ:9
|